Are you smarter than a Fifth Grader? - Statistics

General Stats
  • This quiz has been taken 396 times
  • The average score is 6 of 10
Answer Stats
Question Answer % Correct
Which of the following is a Simile Maria is as productive as a Bee.
92%
What is 3/10 in Percentage 30%
89%
In a Butterfly, What stage comes before the pupa stage? Larva
87%
The Radius of the Circle is 13cm, What is the Diameter? 26cm
82%
What type of Poem always uses 17 syllables in total Haiku
69%
What is the example of a default Almanac Title THE WORLD ALMANAC AND BOOK OF FACTS 2022
53%
What is the capital of South Africa Bloemfontein, Pretoria, Cape Town
51%
Which one of these is a Waning Crescent (N. HEMISPHERE)
49%
Which one of these animals are Viviparous Dolphin
27%
Which of the following are Igneous Rocks Andesite
26%
No matching quizzes found
Score Distribution
Percent of People with Each Score
Percentile by Number Answered
Your Score History
You have not taken this quiz